00813cam a22002414i 45000010009000000050017000090080041000260100017000670200033000840200057001170400023001740410008001970420008002050800018002130820018002311000007002491010007002562450117002639060045003809420012004259990017004379520117004541816612820180226040619.0140527s2014 nyua b 001 0 eng  a 2014379401 a9780077826840 (cover page 4) a9780078025693 (verso of title page and cover page 4) aDLCbengcDLCerda aeng apcc a330.722.6 KAY a330.722.6 KAY1 a61 aKF10aComputer accounting with QuickBooks 2013 /cDonna Kay, MBA, PhD, CPA, CITP, Maryville University of Saint Louis. a7bcbccorigcopd2encipf20gy-gencatlg 2ddccBK c43408d43408 00102udc40708PËKGa002b002cPËKGd2018-02-26l0o330.722.6 KAYp002-2999517r2018-02-26w2018-02-26yBK